Spanish 5000 #4 - Nouns (nc & nm/f) - Statistics

General Stats
  • This quiz has been taken 93 times
  • The average score is 62 of 177
Answer Stats
English SPANISH % Correct
artist, performer artista
80%
agent agente
72%
writer escritor
72%
student estudiante
72%
sea mar
72%
lawyer abogado
68%
housekeeper, housewife ama
68%
baby bebé
68%
doctor doctor
68%
president presidente
68%
inspector inspector
64%
professor, teacher profesor
64%
writer, author autor
60%
client, customer cliente
60%
expert experto
60%
player, gambler jugador
60%
teacher (m), master maestro
60%
pilot, driver piloto
60%
capital, city (f), money (m) capital
56%
economist economista
56%
specialist especialista
56%
foreigner extranjero
56%
idiot, dunce idiota
56%
teenager, young person joven
56%
judge juez
56%
doctor médico
56%
patient paciente
56%
administrator, manager administrador
52%
adolescent adolescente
52%
analyst analista
52%
firefighter bombero
52%
singer cantante
52%
driver, conductor conductor
52%
nurse enfermero
52%
engineer ingeniero
52%
model, pattern modelo
52%
secretary secretario
52%
defendant, accused acusado
48%
architect arquitecto
48%
athlete atleta
48%
god, divinity dios
48%
director, manager, principal director
48%
enemy enemigo
48%
winner ganador
48%
researcher, investigator investigador
48%
leader, boss, manager jefe
48%
novelist novelista
48%
operator operador
48%
Pope (m), potato (f) papa
48%
fisherman pescador
48%
poet poeta
48%
police, police force, police officer policía
48%
terrorist terrorista
48%
worker, laborer trabajador
48%
champion campeón
44%
slave esclavo
44%
physicist físico
44%
giant gigante
44%
guide, leader guía
44%
leader líder
44%
judge, magistrate magistrado
44%
musician músico
44%
journalist periodista
44%
politician político
44%
protagonist, main character protagonista
44%
rival rival
44%
neighbor vecino
44%
hunter cazador
40%
scientist científico
40%
editor, publisher editor
40%
warrior, soldier guerrero
40%
thief ladrón
40%
narrator narrador
40%
pair, couple (m), a la p.: at same time par
40%
passenger pasajero
40%
shepherd, pastor pastor
40%
painter pintor
40%
radio, set (m), communication (f) radio
40%
senator senador
40%
soldier soldado
40%
tourist turista
40%
assistant asistente
36%
dancer bailarín
36%
citizen ciudadano
36%
collaborator colaborador
36%
coach, trainer, manager entrenador
36%
photographer fotógrafo
36%
soccer player futbolista
36%
guard, watch, lookout guardia
36%
guardian guardián
36%
immigrant inmigrante
36%
psychologist psicólogo
36%
commander, commanding officer comandante
32%
companion, classmate compañero
32%
court (f), cut (m) corte
32%
priest (m), cure (f) cura
32%
al f.: finally, in the end final
32%
founder fundador
32%
Jew judío
32%
legislator legislador
32%
ministry ministerio
32%
(government) secretary, minister ministro
32%
principal, rector rector
32%
vice president vicepresidente
32%
lover amante
28%
colleague colega
28%
builder, construction constructor
28%
manager, director gerente
28%
guest, lodger huésped
28%
performer, interpreter intérprete
28%
magician, wizard mago
28%
edge, margin, border, brink margen
28%
member, militant militante
28%
millionaire millonario
28%
browser, navigator navegador
28%
salesperson vendedor
28%
visitor visitante
28%
helper, assistant ayudante
24%
accomplice cómplice
24%
coordinator, organizer coordinador
24%
delegate, representative delegado
24%
delinquent delincuente
24%
descendant descendiente
24%
prisoner, detainee detenido
24%
jury, juror jurado
24%
lens, [pl] glasses lente
24%
order, sequence (m), religious (f) orden
24%
relative pariente
24%
rebel, insurgent rebelde
24%
successor sucesor
24%
technician técnico
24%
old person anciano
20%
aide, auxiliary auxiliar
20%
broker, corridor, runner corredor
20%
brother-in-law cuñado
20%
disciple discípulo
20%
designer, stylist diseñador
20%
ambassador embajador
20%
porter, doorkeeper, goalie portero
20%
witness testigo
20%
farmer agricultor
16%
umpire, referee árbitro
16%
artisan, craftsman artesano
16%
composer compositor
16%
believer, follower creyente
16%
representative representante
16%
user usuario
16%
peasant, farmer campesino
12%
chancellor, ambassador canciller
12%
merchant, businessperson comerciante
12%
defender defensor
12%
deputy, member diputado
12%
publisher (f), editorial article (m) editorial
12%
manager, entrepreneur empresario
12%
district attorney, prosecutor fiscal
12%
historian historiador
12%
court, tribunal, judge juzgado
12%
worker, laborer obrero
12%
member, partner socio
12%
fellow countryman compatriota
8%
advisor, counselor consejero
8%
civil servant funcionario
8%
baby, small child nene
8%
opponent opositor
8%
listener, hearer oyente
8%
receiver, recipient receptor
8%
adviser, consultant asesor
4%
candidate, applicant aspirante
4%
deceased difunto
4%
executive, manager directivo
4%
leader, director, manager dirigente
4%
teacher docente
4%
ruler, leader gobernante
4%
graduate, lawyer licenciado
4%
supplier, dealer proveedor
4%
servant servidor
4%
settler, resident poblador
0%
No matching quizzes found
Score Distribution
Percent of People with Each Score
Percentile by Number Answered
Your Score History
You have not taken this quiz